| 000 | 00576nam a2200205 i 4500 | ||
|---|---|---|---|
| 001 | 133787 | ||
| 003 | ES-MaACL | ||
| 005 | 20230906194530.0 | ||
| 007 | t| | ||
| 008 | 070829s1986 fr ||||1| fre d | ||
| 020 | _a2-01-000602-X | ||
| 080 | _a811.112.2'36 | ||
| 100 | 1 |
_aFourquet, J. _952000 |
|
| 245 | 1 | 0 |
_aGrammaire de l'allemand / _cJ. Fourquet. |
| 260 |
_aParis : _bHachette, _c[1986] |
||
| 300 |
_a292 p. ; _c19 cm. |
||
| 500 | _aBiblioteca Jacinto MartÃnez Lacalle. | ||
| 650 | 1 | 4 |
_aLengua alemana- _xGramática. _914085 |
| 852 |
_aES-MaACL _jE-12067 _bR.139996 |
||
| 999 |
_c133787 _d133787 |
||